The writer's book of checklists: the quick-reference guide to essential information every writer needs (Record no. 9955)

000 -LEADER
fixed length control field 00444 a2200133 4500
020 ## - INTERNATIONAL STANDARD BOOK NUMBER
International Standard Book Number 0898794544
040 ## - CATALOGING SOURCE
Original cataloging agency DLC
Language of cataloging DLC
100 10 - MAIN ENTRY--PERSONAL NAME
Personal name Edelstein, Scott.
245 14 - TITLE STATEMENT
Title The writer's book of checklists: the quick-reference guide to essential information every writer needs
Statement of responsibility, etc. by Scott Edelstein.
260 0# - PUBLICATION, DISTRIBUTION, ETC.
Place of publication, distribution, etc. Cincinnati, Ohio
Name of publisher, distributor, etc. : Writer's Digest Books
Date of publication, distribution, etc. , c1991.
300 ## - PHYSICAL DESCRIPTION
Extent 213 p.
Dimensions ; 24 cm.
650 #0 - SUBJECT ADDED ENTRY--TOPICAL TERM
Topical term or geographic name entry element Authorship.
942 ## - ADDED ENTRY ELEMENTS (KOHA)
Koha item type Book
Call number prefix 808.02 EDE
Source of classification or shelving scheme
Holdings
Withdrawn status Lost status Damaged status Not for loan Collection code Permanent Location Current Location Shelving location Date acquired Source of acquisition Cost, normal purchase price Total Checkouts Total Renewals Full call number Barcode Date last seen Date last checked out Price effective from Koha item type
          NUST Law School (NLS) NUST Law School (NLS) General Stacks 07/21/2005 Academic Book company 1079.45 1 1 808.02 EDE SEECS006026 07/25/2019 04/03/2019 01/05/2017 Book
© 2023 Central Library, National University of Sciences and Technology. All Rights Reserved.